000 01242nam a2200265Ia 4500
005 20160912112228.0
008 130821s1996 ck fr 0 0 spa
020 _a9589298575
040 _aCo-BoUCM
_bspa
_cSandra Yazo
_dSandra Yazo
041 0 0 _aspa
082 0 4 _a025
_220
092 _aE63N063
100 1 _aBlanco Barros, José Agustín
_979902
245 0 0 _aDos colonizaciones del siglo XVII en la Sierra Nevada de Santa Marta
_cTranscripciones paleográficas de José Agustín Blanco Barros
260 _aBogotá (Colombia)
_bArchivo General de la Nación
_c1996
300 _a38 páginas
_c29 x 22 cm
490 0 _aDocumentos en busca de investigador
_v2
500 _aEncuadernación flexible en cartulina, tapas con datos de publicación. Portada sencilla. Texto impreso en una y dos columnas
505 0 _aDos colonizaciones del siglo XVIII en la Sierra nevada de Santa Marta ; San Sebastián de Rabado 1750 – 1758 ; San Carlos (La fundación) 1787 – 1939
506 _aConsulta en sala
651 4 _aSierra nevada de Santa Marta (Colombia)
_xHistoria
_926606
651 4 _aSierra nevada de Santa Marta (Colombia)
_xFuentes
_926606
690 _aBibliotecología
_910049
942 _cLIBRO
_e1
_2LOCAL
_hE63N063
999 _c304611
_d304611